| 000 | 01027nam0a22002651 4500 | ||
|---|---|---|---|
| 001 | rc\4039634 | ||
| 005 | 20250611065159.0 | ||
| 021 |
_aRU _b[53-43743] |
||
| 035 | _a(NLR Aleph) 008098291 | ||
| 090 |
_a9227628 _c9227628 |
||
| 100 | _a20130415d1953 |||y0rusy50 ca | ||
| 101 | 0 | _arus | |
| 102 | _aRU | ||
| 105 | _ay z ||||| | ||
| 200 | 1 | _aУ кузнецкого обжимного станка | |
| 210 |
_aКемерово _cКузбасс _d1953 |
||
| 215 |
_a43 с. _d20 |
||
| 300 | _aПеред загл. авт.: П. Заварыкин, лауреат Сталинской премии ст. вальцовщик обжимного стана Кузнецкого металлург. комбината им. Сталина | ||
| 606 |
_aПрокатка металлов _xСтахановские методы _2psbo |
||
| 700 | 1 |
_aЗаварыкин _bП.В. _gПетр Васильевич |
|
| 801 | 0 |
_aRU _bNLR _gpsbo |
|
| 801 | 1 |
_aRU _bELAR _2rusmarc |
|
| 852 |
_aNLR _jЭк40 Г-4/1680 |
||
| 942 | _cBOOK | ||
| 980 | _aNB | ||